000
00236nam a2200121Ia 4500
100
_a
CIMI-DGET
942
_c
BK
245
_a
WIREMAN IST YEAR PRACTICAL
260
_b
CIMI
_a
Chennai
300
_a
154
546
_a
ENGLISH
999
_c
21228
_d
21228